00818nam a2200193 i 450000100060000000300090000600500170001500700030003200800410003510000300007624500890010626000510019530000570024650000810030371000690038485200320045399900170048595201220050296471ES-MaACL20230906181923.0t|050627s1971 sp ||||1| spa d1 aMalagarriga, H. T.97567110aFlora de la provincia de Tarragona b: plantas vasculares / cpor H. T. Malagarriga. aTarragona : bDiputación Provincial, c1971. a293 p., lám. 1-23. : bil. 1 map. pleg. ; c25 cm. aPrecede al tít: Instituto de Estudios Tarraconenses "Ramón Berenguer IV"2 aInstituto de Estudios Tarraconenses "Ramón Berenguer IV"94935 aES-MaACLjC-41876 bR.78416 c96471d96471 00104070aATENEOMbATENEOMcDEPO2d2008-01-17eSCl0oC-41876p1100717r2023-02-23 00:00:00w2023-02-23yMONOGRAFIA